[Event "Mechanics' Summer TNM; 30/90, SD/30"]
[Site "San Francisco"]
[Date "2010.07.13"]
[Round "8.20"]
[White "Olson, David"]
[Black "Morgan, Jerry"]
[Result "1/2-1/2"]
[WhiteElo "1400"]
[BlackElo "1511"]
[PlyCount "112"]
[EventDate "2010.??.??"]

1. e4 c6 2. d4 d5 3. exd5 cxd5 4. Bb5+ Bd7 5. Nc3 Bxb5 6. Nxb5 Nc6 7. Bf4 Rc8
8. Nf3 Nf6 9. O-O a6 10. Nc3 e6 11. Re1 Be7 12. Ne5 O-O 13. Be3 b5 14. a3 Na5
15. Ne2 Nc4 16. Bc1 Qc7 17. Nxc4 Qxc4 18. c3 Bd6 19. Bf4 Qc7 20. Qd2 Ne4 21.
Qe3 Rfe8 22. f3 Nf6 23. Be5 Bxe5 24. dxe5 Nd7 25. f4 Nc5 26. Ng3 Nd7 27. Nh5
Qc5 28. Rad1 Qxe3+ 29. Rxe3 Nc5 30. Rg3 g6 31. Nf6+ Kf8 32. Nxe8 Kxe8 33. Rh3
h5 34. g4 hxg4 35. Rh8+ Kd7 36. Rxc8 Kxc8 37. Kg2 Ne4 38. h4 Kd7 39. Rh1 f5 40.
h5 gxh5 41. Rxh5 Ke7 42. Rh7+ Kd8 43. Ra7 Nc5 44. b4 Ne4 45. Rxa6 Kd7 46. Ra7+
Kd8 47. a4 bxa4 48. b5 Kc8 49. Rxa4 Kb7 50. c4 d4 51. c5 Nxc5 52. Rxd4 Ne4 53.
Rb4 Kb6 54. Rb3 (54. Rxe4 $1 fxe4 55. f5 $1 exf5 (55... Kxb5 56. f6 $18) 56. e6
$18) 54... Nc5 55. Rb1 Ne4 56. Rb3 Nc5 1/2-1/2

[Event "Mechanics' Summer TNM; 30/90, SD/30"]
[Site "San Francisco"]
[Date "2010.07.13"]
[Round "8.9"]
[White "Panchanatham, Vignesh"]
[Black "Chalissery, Jossy"]
[Result "1-0"]
[WhiteElo "1869"]
[BlackElo "1689"]
[PlyCount "79"]
[EventDate "2010.??.??"]

1. e4 d5 2. exd5 Qxd5 3. Nc3 Qa5 4. Nf3 Nf6 5. d4 c6 6. Bd2 Qb6 7. Rb1 Bf5 8.
Bc4 e6 9. O-O Bd6 10. Be3 Qc7 11. h3 O-O 12. Bd3 Bxd3 13. Qxd3 Nbd7 14. Ng5 h6
15. Nge4 Be7 16. f4 Nxe4 17. Nxe4 Nf6 18. Nxf6+ Bxf6 19. f5 e5 20. dxe5 Qxe5
21. Kh1 Rfd8 22. Qb3 b6 23. Bf4 Qd5 24. Qg3 Kh7 25. b3 c5 26. Rbe1 Re8 27. Rd1
Qe4 28. Qg4 Qe2 29. Qxe2 Rxe2 30. Rd2 Rxd2 31. Bxd2 Re8 32. Re1 Rxe1+ 33. Bxe1
Be5 34. g4 g6 35. Kg2 h5 36. Kf3 hxg4+ 37. hxg4 gxf5 38. gxf5 Kg7 39. Ke4 Kf6
40. Bh4+ 1-0

[Event "Mechanics' Summer TNM; 30/90, SD/30"]
[Site "San Francisco"]
[Date "2010.06.29"]
[Round "6.13"]
[White "Panchanatham, Vignesh"]
[Black "Chen, Max"]
[Result "1/2-1/2"]
[WhiteElo "1869"]
[BlackElo "1742"]
[PlyCount "65"]
[EventDate "2010.??.??"]

1. e4 c5 2. Nc3 Nc6 3. f4 g6 4. Nf3 Bg7 5. Bc4 e6 6. e5 d5 7. Bb5 Nge7 8. Bxc6+
bxc6 9. O-O c4 10. Kh1 O-O 11. b3 Ba6 12. bxc4 Bxc4 13. d3 Ba6 14. Ba3 Re8 15.
Rb1 Nf5 16. Qd2 Bf8 17. Bxf8 Rxf8 18. g4 Ne7 19. Qg2 Kg7 20. Qh3 Qa5 21. Ne2
Qxa2 22. Ng3 Qxc2 23. f5 exf5 24. Ng5 h6 25. gxf5 gxf5 26. Nxf5+ Nxf5 27. Qxf5
Bxd3 28. Qf6+ Kg8 29. Rbc1 Be4+ 30. Nxe4 Qxe4+ 31. Rf3 Kh7 32. Rxc6 Qb1+ 33.
Kg2 1/2-1/2

[Event "Mechanics' Summer TNM; 30/90, SD/30"]
[Site "San Francisco"]
[Date "2010.06.15"]
[Round "4.16"]
[White "Panchanatham, Vignesh"]
[Black "Standen, Julian"]
[Result "1-0"]
[WhiteElo "1869"]
[BlackElo "1720"]
[PlyCount "97"]
[EventDate "2010.??.??"]

1. e4 c6 2. d4 d5 3. exd5 cxd5 4. c4 Nf6 5. Nc3 Nc6 6. Nf3 Bg4 7. Be3 e6 8. c5
Be7 9. Be2 O-O 10. O-O b6 11. Qa4 Bxf3 12. gxf3 Qd7 13. Bb5 Rfc8 14. Ba6 Rd8
15. Qb5 bxc5 16. Bb7 Nxd4 17. Qxd7 Nxf3+ 18. Kg2 Nh4+ 19. Kh1 Nxd7 20. Bxa8
Rxa8 21. Bf4 Ng6 22. Bg3 Bf6 23. f4 Ne7 24. a4 Nf5 25. Bf2 Rb8 26. Nb5 a6 27.
Nc7 Rxb2 28. Rab1 Rxb1 29. Rxb1 Kf8 30. Nxa6 Bd4 31. Bxd4 Nxd4 32. Nb8 Nxb8 33.
Rxb8+ Ke7 34. a5 Nc6 35. a6 c4 36. a7 Nxa7 37. Rb7+ Kd6 38. Rxa7 c3 39. Kg2 d4
40. Kf3 Kd5 41. Ke2 Ke4 42. Rxf7 d3+ 43. Kd1 Ke3 44. Rxg7 Kxf4 45. Rc7 c2+ 46.
Kd2 Ke4 47. Rc4+ Kd5 48. Kxd3 e5 49. Rxc2 1-0

[Event "Mechanics' Summer TNM; 30/90, SD/30"]
[Site "San Francisco"]
[Date "2010.05.25"]
[Round "2"]
[White "Periwal, Prashant"]
[Black "Barrow, Lyle"]
[Result "1/2-1/2"]
[WhiteElo "1884"]
[BlackElo "1500"]
[PlyCount "80"]
[EventDate "2010.??.??"]

1. e4 e6 2. d4 d5 3. Nd2 Nf6 4. e5 Nfd7 5. f4 c5 6. Ngf3 b6 7. c3 Ba6 8. Qa4
Bxf1 9. Nxf1 Qc8 10. Ng3 Qa6 11. Qxa6 Nxa6 12. O-O g6 13. a3 c4 14. Nh1 Be7 15.
g4 h5 16. h3 hxg4 17. hxg4 O-O-O 18. Be3 Nc7 19. Ng3 Rh3 20. Kg2 Rdh8 21. f5
gxf5 22. gxf5 f6 23. Bf4 fxe5 24. dxe5 exf5 25. Nxf5 Bc5 26. Rad1 R3h5 27. Ng3
R5h7 28. Rfe1 Nf8 29. Nf5 Rf7 30. Nd6+ Bxd6 31. exd6 Rxf4 32. dxc7 Rg8+ 33. Kf2
Rf5 34. Re5 Rxe5 35. Nxe5 Kxc7 36. Rxd5 Rg5 37. Ke3 a6 38. Kd4 Rg2 39. Nxc4 b5
40. Ne3 Rxb2 1/2-1/2

[Event "Mechanics' Summer TNM; 30/90, SD/30"]
[Site "San Francisco"]
[Date "2010.06.08"]
[Round "3.21"]
[White "Periwal, Prashant"]
[Black "Woebcke, Carl"]
[Result "0-1"]
[WhiteElo "1884"]
[BlackElo "1654"]
[PlyCount "52"]
[EventDate "2010.??.??"]

1. e4 c5 2. Nf3 d6 3. Bb5+ Bd7 4. Nc3 a6 5. Bxd7+ Nxd7 6. a4 g6 7. O-O Bg7 8.
d3 Ngf6 9. Nd2 O-O 10. f4 e6 11. Ra3 d5 12. e5 Ne8 13. Rb3 Rb8 14. g4 f6 15.
exf6 Nexf6 16. h3 Qc7 17. Nf3 Rbd8 18. Ng5 Rfe8 19. Re1 c4 20. Ra3 h6 21. Nf3
Nc5 22. Be3 Qb6 23. Qc1 Nxg4 24. hxg4 d4 25. a5 Qc7 26. Nd5 Rxd5 0-1

[Event "Mechanics' Summer TNM; 30/90, SD/30"]
[Site "San Francisco"]
[Date "2010.06.29"]
[Round "6.23"]
[White "Poon, Brunston"]
[Black "Chadwick, Richard"]
[Result "0-1"]
[WhiteElo "1092"]
[BlackElo "1719"]
[PlyCount "50"]
[EventDate "2010.??.??"]

1. e4 c5 2. Nf3 d6 3. Bb5+ Bd7 4. Bxd7+ Qxd7 5. d4 cxd4 6. Nxd4 Nf6 7. Nc3 a6
8. Bg5 Nc6 9. Nxc6 Qxc6 10. Qd3 g6 11. Bxf6 exf6 12. Qd5 Be7 13. Qd2 O-O 14.
Qh6 b5 15. Nd5 Rfe8 16. c3 Bd8 17. f3 f5 (17... Qxd5 $19) 18. Qf4 fxe4 19. fxe4
Qc4 20. Qxd6 Rxe4+ 21. Kf2 Re6 22. Qg3 Qxd5 23. Rhd1 Bb6+ 24. Kf1 Rf6+ 25. Ke2
Re8+ 0-1

[Event "Mechanics' Summer TNM; 30/90, SD/30"]
[Site "San Francisco"]
[Date "2010.06.15"]
[Round "4.21"]
[White "Poon, Brunston"]
[Black "Mar, Henry"]
[Result "0-1"]
[WhiteElo "1092"]
[BlackElo "1632"]
[PlyCount "48"]
[EventDate "2010.??.??"]

1. e4 c5 2. Nf3 d6 3. Bb5+ Bd7 4. Bxd7+ Nxd7 5. O-O Ngf6 6. d3 g6 7. Bg5 Bg7 8.
Nc3 O-O 9. Re1 h6 10. Bf4 e5 11. Be3 Ng4 12. Qd2 Nxe3 13. Qxe3 Nf6 14. Nd5 Ng4
15. Qd2 f5 16. b4 b6 17. bxc5 bxc5 18. Rab1 Rf7 19. h3 Nf6 20. c4 Nxd5 21. cxd5
f4 22. Rb5 a6 23. Ra5 Rb7 24. Rc1 Qb8 {The scoresheets run out here.} 0-1

[Event "Mechanics' Summer TNM; 30/90, SD/30"]
[Site "San Francisco"]
[Date "2010.06.01"]
[Round "2.21"]
[White "Rakonitz, David"]
[Black "Abraham, Renjish"]
[Result "0-1"]
[WhiteElo "1374"]
[BlackElo "1695"]
[PlyCount "62"]
[EventDate "2010.??.??"]

1. d4 Nf6 2. Nf3 g6 3. c4 Bg7 4. Nc3 O-O 5. e4 d6 6. Bg5 Nbd7 7. h3 e5 8. d5 a5
9. Be2 Nc5 10. Qc2 Bd7 11. O-O Qc8 12. Kh2 Nh5 13. Nd2 Nf4 14. g4 Nxe2 15. Nxe2
Bxg4 16. Nb3 Bxh3 17. Rg1 Nxb3 18. Qxb3 Bd7 19. Qe3 f5 20. f3 f4 21. Nxf4 exf4
22. Bxf4 Rxf4 23. Qxf4 Be5 24. Qxe5 dxe5 25. Rg3 Qf8 26. Rh1 Qf4 27. Kg2 Rf8
28. Rf1 a4 29. Rf2 Qe3 30. Kh2 Qxf2+ 31. Rg2 Qxf3 0-1

[Event "Mechanics' Summer TNM; 30/90, SD/30"]
[Site "San Francisco"]
[Date "2010.06.15"]
[Round "4.26"]
[White "Rakonitz, David"]
[Black "Bertot, German"]
[Result "0-1"]
[WhiteElo "1374"]
[BlackElo "1554"]
[PlyCount "24"]
[EventDate "2010.??.??"]

1. d4 Nf6 2. Nf3 e6 3. c4 d5 4. Nc3 Nbd7 5. Bg5 c6 6. e3 Qa5 7. Nd2 dxc4 8.
Bxc4 Qxg5 9. O-O Bd6 10. Nde4 Bxh2+ 11. Kh1 Qh4 12. Qf3 Bg3+ 0-1

[Event "Mechanics' Summer TNM; 30/90, SD/30"]
[Site "San Francisco"]
[Date "2010.07.06"]
[Round "7.22"]
[White "Rakonitz, David"]
[Black "Olson, David"]
[Result "1/2-1/2"]
[WhiteElo "1374"]
[BlackElo "1400"]
[PlyCount "83"]
[EventDate "2010.??.??"]

1. d4 Nf6 2. Nf3 e6 3. c4 Bb4+ 4. Bd2 Nc6 5. Nc3 O-O 6. Qc2 d5 7. e3 b6 8. Bd3
g6 9. O-O Bb7 10. a3 Be7 11. cxd5 exd5 12. Rac1 Rc8 13. Rfe1 Re8 14. Qa4 Na5
15. e4 c5 16. e5 Nh5 17. Bb5 Rf8 18. Bh6 Ng7 19. Qd1 c4 20. Ba4 a6 21. Re2 b5
22. Bc2 Rc6 23. Nxd5 Qxd5 24. Be4 Qd8 25. Bxc6 Bxc6 26. Re3 Qd5 27. Qe1 Re8 28.
Qxa5 Nf5 29. Bf4 Nxe3 30. Bxe3 Bb7 31. Qd2 Qe4 32. h3 Bd5 33. Re1 Qf5 34. Qe2
Rc8 35. Rc1 Rc6 36. Nh2 h5 37. Qd2 g5 38. f3 Rg6 39. Rf1 Kh7 40. Rf2 Rb6 41.
Qc2 Qxc2 42. Rxc2 1/2-1/2

[Event "Mechanics' Summer TNM; 30/90, SD/30"]
[Site "San Francisco"]
[Date "2010.06.15"]
[Round "4.14"]
[White "Ramachandran, Jayakrishnan"]
[Black "Abraham, Renjish"]
[Result "1/2-1/2"]
[WhiteElo "1937"]
[BlackElo "1695"]
[PlyCount "88"]
[EventDate "2010.??.??"]

1. e4 c5 2. Nf3 d6 3. d4 cxd4 4. Nxd4 Nf6 5. Nc3 g6 6. g3 Bg7 7. Bg2 a6 8. O-O
O-O 9. Re1 Bd7 10. h3 Nc6 11. Be3 Rc8 12. Nxc6 Bxc6 13. Rc1 Re8 14. Nd5 Nxd5
15. exd5 Bd7 16. Bd4 b5 17. Bxg7 Kxg7 18. Qd4+ Kg8 19. c4 bxc4 20. Rxc4 Rxc4
21. Qxc4 Qa5 22. Re3 Bb5 23. Qb3 Bd7 24. Qb7 Qb5 25. Qxb5 Bxb5 26. b3 Kf8 27.
Rc3 e5 28. a4 Bd7 29. Rc7 Bf5 30. Bf1 Rc8 31. Rxc8+ Bxc8 32. Kg2 a5 33. Kf3 Bb7
34. Bc4 Ke7 35. Ke3 f5 36. Kd3 Kd7 37. Kc3 Kc7 38. b4 Kb6 39. Bb3 h6 40. Bc4 g5
41. Bb3 Bc8 42. Bc2 f4 43. h4 Bb7 44. hxg5 hxg5 1/2-1/2

[Event "Mechanics' Summer TNM; 30/90, SD/30"]
[Site "San Francisco"]
[Date "2010.06.01"]
[Round "2.1"]
[White "Ramachandran, Jayakrishnan"]
[Black "Baturyn, Mikhail"]
[Result "1/2-1/2"]
[WhiteElo "1937"]
[BlackElo "2396"]
[PlyCount "70"]
[EventDate "2010.??.??"]

1. e4 Nf6 2. e5 Nd5 3. d4 d6 4. exd6 cxd6 5. Nf3 g6 6. Be2 Bg7 7. O-O O-O 8.
Re1 Nc6 9. c3 e5 10. dxe5 dxe5 11. Bc4 Nb6 12. Qxd8 Rxd8 13. Bb5 Bg4 14. Be3
Nd5 15. Na3 Bxf3 16. gxf3 Nce7 17. Rad1 a6 18. Bf1 b5 19. Nc2 Nf5 20. c4 Ndxe3
21. fxe3 e4 22. fxe4 Nd6 23. cxb5 axb5 24. Nd4 Nxe4 25. Nxb5 Rxd1 26. Rxd1 Rxa2
27. Rd8+ Bf8 28. Nc3 Nxc3 29. bxc3 Kg7 30. Rd7 Ra4 31. Bb5 Ra1+ 32. Kf2 Ra2+
33. Kg3 Bc5 34. Rxf7+ Kxf7 35. Bc4+ Kf6 1/2-1/2

[Event "Mechanics' Summer TNM; 30/90, SD/30"]
[Site "San Francisco"]
[Date "2010.06.22"]
[Round "5.11"]
[White "Ramachandran, Jayakrishnan"]
[Black "Byambaa, Uyanga"]
[Result "0-1"]
[WhiteElo "1937"]
[BlackElo "1623"]
[PlyCount "60"]
[EventDate "2010.??.??"]

1. e4 c5 2. Nf3 Nc6 3. d4 cxd4 4. Nxd4 g6 5. Nc3 Bg7 6. Be3 Nf6 7. Be2 O-O 8.
O-O d5 9. exd5 Nb4 10. Nb3 Nbxd5 11. Nxd5 Nxd5 12. Bd4 e5 13. Bc5 Re8 14. Bb5
Bd7 15. a4 Bc6 16. Bxc6 bxc6 17. Qd2 Qh4 18. Rfe1 Rad8 19. g3 Qh3 20. Qe2 e4
21. c3 Nf6 22. Qf1 Qh5 23. Rad1 Ng4 24. Qg2 Rxd1 25. Rxd1 Nxf2 26. Rd2 Nd3 27.
Qf1 Ne5 28. Nd4 Nf3+ 29. Nxf3 Qxc5+ 30. Nd4 e3 0-1

[Event "Mechanics' Summer TNM; 30/90, SD/30"]
[Site "San Francisco"]
[Date "2010.06.15"]
[Round "4.18"]
[White "Salvo, Tab"]
[Black "Allen, Tom"]
[Result "1-0"]
[WhiteElo "1759"]
[BlackElo "1501"]
[PlyCount "121"]
[EventDate "2010.??.??"]

1. Nf3 d5 2. c4 d4 3. d3 Nc6 4. g3 Nf6 5. h3 e5 6. Bg2 Be7 7. O-O O-O 8. Nbd2
Re8 9. Ng5 Qd6 10. a3 a5 11. Nde4 Nxe4 12. Nxe4 Qg6 13. Qe1 f5 14. Nd2 Bd6 15.
Nf3 e4 16. dxe4 fxe4 17. Nh4 Qh5 18. f3 Qc5 19. fxe4 Qxc4 20. Bd2 Ne5 21. Nf5
Bc5 22. Kh2 d3 23. e3 b6 24. Rc1 Qe6 25. Bc3 Bf8 26. Qf2 Ba6 27. Nd4 Qh6 28.
Kg1 d2 29. Qxd2 Bxf1 30. Rxf1 Rad8 31. Qe2 Bc5 32. Kh2 Qg6 33. Rf5 Bd6 34. Be1
Rf8 35. Qb5 Rde8 36. Qd5+ Kh8 37. Rxf8+ Rxf8 38. Ne6 Rc8 39. Nf4 Qh6 40. Qb5
Rf8 41. Qe2 Qf6 42. Qh5 Qf7 43. Qd1 Rd8 44. Qc2 Qe8 45. Bc3 Qc6 46. Ne6 Qd7 47.
Nxd8 Qxd8 48. Qe2 Qd7 49. h4 Qe6 50. Bh3 Qg6 51. Bf5 Qf6 52. Kg2 Qf7 53. h5 Kg8
54. Qa6 Qc4 55. Qc8+ Kf7 56. Bxe5 Bxe5 57. Qd7+ Kf6 58. Qd1 Bxb2 59. Bxh7 Be5
60. Qd8+ Kf7 61. Bg8# 1-0

[Event "Mechanics' Summer TNM; 30/90, SD/30"]
[Site "San Francisco"]
[Date "2010.05.25"]
[Round "2.21"]
[White "Salvo, Tab"]
[Black "Capdeville, Barry"]
[Result "1-0"]
[WhiteElo "1759"]
[BlackElo "1234"]
[PlyCount "49"]
[EventDate "2010.??.??"]

1. Nf3 Nf6 2. c4 c5 3. g3 b6 4. Bg2 Bb7 5. O-O e6 6. d3 Be7 7. e4 d6 8. Nc3
Nbd7 9. h3 O-O 10. Be3 a6 11. Qc2 Qc7 12. b3 Rfe8 13. d4 Rad8 14. Rfe1 g6 15.
e5 dxe5 16. dxe5 Nxe5 17. Nxe5 Bxg2 18. Kxg2 Qxe5 19. Bf4 Qf5 20. Qxf5 exf5 21.
Bc7 Rd3 22. Rac1 Nd7 23. Nd5 Bg5 24. Rxe8+ Kg7 25. Rce1 1-0

[Event "Mechanics' Summer TNM; 30/90, SD/30"]
[Site "San Francisco"]
[Date "2010.06.22"]
[Round "5.15"]
[White "Salvo, Tab"]
[Black "Hilliard, Michael"]
[Result "1-0"]
[WhiteElo "1759"]
[BlackElo "1422"]
[PlyCount "77"]
[EventDate "2010.??.??"]

1. Nf3 e6 2. c4 c5 3. g3 d5 4. b3 Nc6 5. Bg2 Nf6 6. O-O Be7 7. d3 O-O 8. Bb2
Qc7 9. Nbd2 Rd8 10. a3 a6 11. e3 b5 12. cxd5 exd5 13. Qe2 Bg4 14. h3 Be6 15.
Rac1 Qd7 16. Kh2 Rac8 17. Bxf6 gxf6 18. Rfd1 Ne5 19. Ne1 Rc7 20. e4 Rdc8 21. f4
Nc6 22. f5 Nd4 23. Qg4+ Kh8 24. fxe6 fxe6 25. exd5 exd5 26. Qxd7 Rxd7 27. h4
Rg8 28. Nf1 Bd6 29. Bxd5 Rgg7 30. Bg2 Ne2 31. Rc2 Nxg3 32. Nxg3 Bxg3+ 33. Kh1
Bxh4 34. Rxc5 Rg6 35. Nf3 Bg5 36. d4 Be3 37. Rc8+ Kg7 38. Nh4 Rd5 39. Bxd5 1-0

[Event "Mechanics' Summer TNM; 30/90, SD/30"]
[Site "San Francisco"]
[Date "2010.07.06"]
[Round "7.12"]
[White "Sanguinetti, George"]
[Black "Cole, Tony"]
[Result "1-0"]
[WhiteElo "1959"]
[BlackElo "1287"]
[PlyCount "71"]
[EventDate "2010.??.??"]

1. g3 Nf6 2. f4 d5 3. Nh3 Nc6 4. Nf2 e5 5. Bg2 Bc5 6. O-O exf4 7. gxf4 Bf5 8.
e3 Qd7 9. c3 O-O-O 10. b4 Bd6 11. a4 h5 12. b5 Na5 13. Ba3 b6 14. Bxd6 Qxd6 15.
Na3 Ng4 16. Nc2 g5 17. Nd4 Qg6 18. Nxg4 Bxg4 19. f5 Qf6 20. Qc2 h4 21. e4 dxe4
22. Qxe4 Bh5 23. Rae1 g4 24. Qa8+ Kd7 25. Qxa7 h3 26. Bd5 g3 27. Nc6 gxh2+ 28.
Kh1 Rde8 29. Nxa5 Rxe1 30. Bc6+ Kd6 31. Nb7+ Ke7 32. Rxe1+ Kf8 33. Qb8+ Kg7 34.
Qxc7 Qg5 35. Qxh2 Qxf5 36. Qe5+ 1-0

[Event "Mechanics' Summer TNM; 30/90, SD/30"]
[Site "San Francisco"]
[Date "2010.06.29"]
[Round "6.11"]
[White "Sanguinetti, George"]
[Black "Dembling, Arthur"]
[Result "1/2-1/2"]
[WhiteElo "1959"]
[BlackElo "1785"]
[PlyCount "121"]
[EventDate "2010.??.??"]

1. g3 d6 2. f4 c5 3. Nh3 Nc6 4. c3 Nf6 5. Nf2 g6 6. Bg2 Bg7 7. O-O O-O 8. e4 e5
9. d3 Be6 10. Be3 Qb6 11. b3 a5 12. Nd2 Qc7 13. Rc1 Qd7 14. h3 Qe7 15. Qf3 d5
16. f5 dxe4 17. dxe4 gxf5 18. exf5 Bd5 19. Nde4 Nxe4 20. Nxe4 Bxe4 21. Qxe4
Rad8 22. Qc4 Rfe8 23. Qxc5 Qxc5 24. Bxc5 Rd2 25. Rf2 Red8 26. Be3 R2d3 27. Re2
R8d7 28. Rcc2 Ne7 29. g4 Nd5 30. Bxd5 R7xd5 31. c4 Rd7 32. Kf2 f6 33. Red2 e4
34. Ke2 Bf8 35. c5 Kf7 36. a3 Ke8 37. Rc4 Rxe3+ 38. Kxe3 Bh6+ 39. Kxe4 Rxd2 40.
Ra4 Rb2 41. b4 axb4 42. Rxb4 Rxb4+ 43. axb4 Ke7 44. Kd5 Kd7 45. b5 Bf4 46. c6+
bxc6+ 47. bxc6+ Ke7 48. h4 h6 49. Ke4 Bd2 50. Kd5 Bf4 51. Ke4 Bd2 52. c7 Kd7
53. Kd5 Be1 54. g5 hxg5 55. h5 Bb4 56. h6 Bf8 57. h7 Bg7 58. c8=Q+ Kxc8 59. Ke6
Kd8 (59... g4 60. Kf7 Bh8 61. Kg8 g3 62. Kxh8 g2 63. Kg7 g1=Q+ 64. Kf7 $11 (64.
Kxf6 $4 Qa1+ $19)) 60. Kf7 Bh8 61. Kg8 1/2-1/2

[Event "Mechanics' Summer TNM; 30/90, SD/30"]
[Site "San Francisco"]
[Date "2010.06.15"]
[Round "4.3"]
[White "Sanguinetti, George"]
[Black "Manvelyan, Hayk"]
[Result "0-1"]
[WhiteElo "1959"]
[BlackElo "2145"]
[PlyCount "72"]
[EventDate "2010.??.??"]

1. g3 d5 2. f4 Nf6 3. Nh3 e6 4. Nf2 Bd6 5. Bg2 O-O 6. O-O c5 7. d3 Nc6 8. c3 b6
9. e4 dxe4 10. dxe4 e5 11. Be3 Ba6 12. Re1 Qc7 13. f5 Rad8 14. Nd2 c4 15. Qe2
Nd7 16. b4 Bxb4 17. cxb4 Nxb4 18. Rec1 c3 19. Qg4 Nf6 20. Qf3 c2 21. g4 Qc3 22.
Nf1 Nd3 23. Bg5 Nxc1 24. Rxc1 Qb2 25. Qb3 Qxb3 26. axb3 Rc8 27. Bxf6 gxf6 28.
Ne3 Rc3 29. Nd5 Rxb3 30. Nxf6+ Kg7 31. Nh5+ Kh8 32. Rxc2 Rb1+ 33. Nd1 Rxd1+ 34.
Kf2 Rfd8 35. Rc7 R8d7 36. Rc6 R7d2+ 0-1

[Event "Mechanics' Summer TNM; 30/90, SD/30"]
[Site "San Francisco"]
[Date "2010.06.01"]
[Round "2.9"]
[White "Sanguinetti, George"]
[Black "Salvo, Tab"]
[Result "1-0"]
[WhiteElo "1959"]
[BlackElo "1759"]
[PlyCount "113"]
[EventDate "2010.??.??"]

1. f4 d6 2. g3 Nf6 3. Bg2 c6 4. Nh3 g6 5. Nf2 Bg7 6. O-O O-O 7. e4 e5 8. c3
exf4 9. gxf4 Nbd7 10. d4 Qc7 11. Be3 Kh8 12. Nd2 Ng8 13. Nf3 Ndf6 14. Qd3 Ng4
15. Bd2 Nxf2 16. Rxf2 f5 17. e5 d5 18. Re1 Re8 19. b3 Bd7 20. c4 dxc4 21. bxc4
Rad8 22. d5 cxd5 23. cxd5 a6 24. d6 Qb8 25. Ng5 Nh6 26. Qh3 Bc6 27. Bxc6 bxc6
28. Ba5 Rd7 29. Qb3 Rb7 30. Qc4 Qa7 31. Qxc6 Reb8 32. h3 Rb2 33. Ref1 Qe3 34.
d7 Rxf2 35. Rxf2 Qg3+ 36. Qg2 Rb1+ 37. Rf1 Rxf1+ 38. Kxf1 Qd3+ 39. Qe2 Qxd7 40.
Qxa6 Bf8 41. Qe2 Bc5 42. Bc3 Qd5 43. Qd2 Qh1+ 44. Ke2 Qg2+ 45. Kd1 Qxd2+ 46.
Kxd2 Kg8 47. Kd3 Nf7 48. Nxf7 Kxf7 49. a4 Ke6 50. a5 Kd5 51. Bd2 g5 52. a6 g4
53. hxg4 fxg4 54. Be3 h5 55. Bxc5 Kxc5 56. Ke2 Kb6 57. e6 1-0

[Event "Mechanics' Summer TNM; 30/90, SD/30"]
[Site "San Francisco"]
[Date "2010.05.25"]
[Round "2.3"]
[White "Shakhnazarov, Oleg"]
[Black "Chadwick, Richard"]
[Result "1-0"]
[WhiteElo "2215"]
[BlackElo "1719"]
[PlyCount "45"]
[EventDate "2010.??.??"]

1. e4 c5 2. Nf3 Nc6 3. Nc3 d6 4. d4 cxd4 5. Nxd4 Bd7 6. Nb3 g6 7. Be2 Bg7 8. h4
Nf6 9. h5 a6 10. h6 Bf8 11. g4 Ne5 12. g5 Ng8 13. Be3 f6 14. Nd5 e6 15. Bb6 Qc8
16. Nc7+ Ke7 17. f4 Nf7 18. Qd2 Nd8 19. O-O-O Kf7 20. Rhf1 Be7 21. e5 f5 22.
exd6 Bf8 23. Qd4 1-0

[Event "Mechanics' Summer TNM; 30/90, SD/30"]
[Site "San Francisco"]
[Date "2010.06.22"]
[Round "5.1"]
[White "Shakhnazarov, Oleg"]
[Black "Lopez, Jorge"]
[Result "0-1"]
[WhiteElo "2215"]
[BlackElo "2125"]
[PlyCount "84"]
[EventDate "2010.??.??"]

1. d4 Nf6 2. Nf3 b6 3. Bf4 Bb7 4. Nbd2 Nh5 5. Be3 f5 6. Nc4 e6 7. h3 Nf6 8. Bf4
Be7 9. e3 O-O 10. Rg1 d6 11. Be2 Qe8 12. c3 Nbd7 13. Ncd2 Bd8 14. Qb3 Rf7 15.
O-O-O Nf8 16. g4 Ne4 17. gxf5 Nxf2 18. fxe6 Qxe6 19. Rdf1 Nxh3 20. Qxe6 Nxe6
21. Bc4 d5 22. Ne5 dxc4 23. Nxf7 Nxg1 24. Nxd8 Ne2+ 25. Kd1 N2xf4 26. Nxb7 Nd5
27. Nxc4 Rb8 28. e4 Nf6 29. d5 Ng5 30. d6 Rxb7 31. e5 Nd7 32. Kc2 cxd6 33. exd6
b5 34. Ne3 Nf7 35. Nf5 g6 36. Ne7+ Kg7 37. Rd1 Nb6 38. Nc6 Rd7 39. Re1 Nxd6 40.
Re5 Nbc4 41. Rc5 Rc7 42. b4 Ne4 0-1

[Event "Mechanics' Summer TNM; 30/90, SD/30"]
[Site "San Francisco"]
[Date "2010.06.08"]
[Round "3.2"]
[White "Shakhnazarov, Oleg"]
[Black "Sanguinetti, George"]
[Result "1/2-1/2"]
[WhiteElo "2215"]
[BlackElo "1959"]
[PlyCount "137"]
[EventDate "2010.??.??"]

1. d4 d5 2. Nf3 e6 3. Bf4 Bd6 4. Bg3 Ne7 5. e3 Nd7 6. Bd3 Ng6 7. Bxd6 cxd6 8.
h4 e5 9. h5 Ne7 10. Nfd2 Nf6 11. h6 g6 12. Nc3 O-O 13. Qf3 Nc6 14. Nxd5 Nxd5
15. Qxd5 Be6 16. Qf3 exd4 17. exd4 Nxd4 18. Qf4 Nc6 19. O-O f5 20. Rfe1 Ne5 21.
Nc4 Nxd3 22. cxd3 Bxc4 23. Qxc4+ Rf7 24. Qd5 Qg5 25. Rac1 Qxh6 26. Rc7 Raf8 27.
Re8 Qg7 28. Ree7 h5 29. Rxb7 a5 30. d4 f4 31. Qe6 g5 32. a3 g4 33. Rxf7 Rxf7
34. Qe8+ Qf8 35. Qxf8+ Kxf8 36. Rb5 h4 37. Rxa5 Kg7 38. Rg5+ Kf6 39. Rxg4 Ke6
40. Rg5 f3 41. Rh5 Rg7 42. Rxh4 Rxg2+ 43. Kf1 Rg8 44. Rf4 Rc8 45. Rxf3 Kd5 46.
Rc3 Rb8 47. Rc2 Kxd4 48. Rd2+ Ke5 49. Ke2 d5 50. b4 d4 51. Kd3 Ra8 52. Kc4 Rc8+
53. Kb5 Kd5 54. Ka4 d3 55. Kb3 Kd4 56. b5 Rc3+ 57. Kb2 Rc5 58. a4 Rc4 59. Kb3
Rc3+ 60. Kb2 Kc4 61. f4 Rb3+ 62. Ka2 Rb4 63. f5 Rxa4+ 64. Kb1 Kc3 65. Rf2 Rb4+
66. Kc1 Ra4 67. Kb1 Rb4+ 68. Kc1 Rxb5 69. f6 {
draw agreed here, but Black could have won by} (69. f6 Re5 70. Rf1 Ra5 71. Kb1
Rb5+ 72. Ka2 d2 73. f7 Ra5+ (73... Rb8 $11) 74. Kb1 Rf5 $1 75. Rg1 Rb5+ $1 76.
Ka2 Rb8 (76... Rb2+ 77. Ka3 Rb8 78. Ka2 Kc2 79. Ka3 d1=Q {also wins}) 77. Rh1
d1=Q $3 78. Rxd1 Kc2 79. Ka3 (79. f8=Q Rxf8 $19) 79... Kxd1 $19) 1/2-1/2

[Event "Mechanics' Summer TNM; 30/90, SD/30"]
[Site "San Francisco"]
[Date "2010.07.06"]
[Round "7.10"]
[White "Sherwood, Peter"]
[Black "Afkham-Ebrahimi, Payam"]
[Result "0-1"]
[WhiteElo "1778"]
[BlackElo "1894"]
[PlyCount "134"]
[EventDate "2010.??.??"]

1. e4 c6 2. d4 d5 3. Nc3 dxe4 4. Nxe4 Bf5 5. Ng3 Bg6 6. h4 h6 7. Nf3 Nf6 8. Ne5
Bh7 9. Bd3 Qxd4 10. Nxf7 Bxd3 11. Nxh8 Qe5+ 12. Be3 Bh7 13. Qd8+ Kxd8 14. Nf7+
Ke8 15. Nxe5 Bxc2 16. Ke2 Nbd7 17. Nxd7 Kxd7 18. Rac1 Bg6 19. Rhd1+ Nd5 20. Kf3
e5 21. Ne4 b6 22. Nc3 Kd6 23. Rd2 Be7 24. g3 Rf8+ 25. Kg2 Bh5 26. Ne4+ Kd7 27.
Nc3 Bf3+ 28. Kg1 Bd6 29. Nd1 Rh8 30. Rd3 e4 31. Rd2 g5 32. Bd4 Rg8 33. hxg5
Rxg5 34. Ne3 Nf4 35. Bf6 Rh5 36. Bh4 Ne2+ 37. Rxe2 Bxe2 38. Rc2 Bd3 39. Rd2 Ke6
40. Kg2 Bb4 41. Rd1 Be2 42. Rd8 Bf3+ 43. Kh3 Rc5 44. g4 Rc1 45. Nf5 Rh1+ 46.
Kg3 Rg1+ 47. Kh2 Rxg4 48. Nd4+ Kf7 49. Nxf3 exf3 50. Bg3 Re4 51. Rd3 Ke6 52.
Rxf3 Kd5 53. Bb8 a5 54. a3 Bc5 55. Kg2 a4 56. Kf1 b5 57. Bf4 Bd4 58. Bc1 h5 59.
b3 axb3 60. Rxb3 Kc4 61. Rh3 Bc3 62. Be3 h4 63. Bg5 Bb2 64. f4 Bf6 65. Bh6 Re8
66. f5 Rh8 67. Kg2 Rxh6 0-1

[Event "Mechanics' Summer TNM; 30/90, SD/30"]
[Site "San Francisco"]
[Date "2010.06.29"]
[Round "6.12"]
[White "Sherwood, Peter"]
[Black "Krasnov, Steven"]
[Result "1-0"]
[WhiteElo "1778"]
[BlackElo "1950"]
[PlyCount "73"]
[EventDate "2010.??.??"]

1. e4 e6 2. d4 d5 3. Nc3 Nf6 4. e5 Nfd7 5. f4 c5 6. Nf3 Nc6 7. Be3 Be7 8. Be2
a6 9. O-O b5 10. Qe1 O-O 11. Qg3 cxd4 12. Nxd4 Nxd4 13. Bxd4 Qc7 14. f5 Bc5 15.
Bxc5 Qxc5+ 16. Kh1 d4 17. f6 g6 18. Qh4 Qxe5 19. Ne4 h5 20. Bd3 Bb7 21. Rae1
Rac8 22. Nd2 Qd6 23. Qg5 Qd5 24. Qg3 Nc5 $138 25. Re5 h4 26. Qg5 Qxg2+ 27. Qxg2
Bxg2+ 28. Kxg2 Nxd3 29. cxd3 Rc2 30. Rf2 Rxb2 31. Nf3 Rb4 32. Rc5 Kh7 33. Rc7
Ra4 34. Ne5 Kg8 35. Kh3 b4 36. Rf4 Rxa2 37. Nxg6 1-0